The Office US - Les "femmes" de Michael - Statistiques

Statistiques générales
  • Ce quiz a été pris 27 fois
  • Le résultat moyen est 6 sur 8
Statistiques - réponses
Début de la relation Michael Scott et... Fin de la relation Indice % Correct
S2 E7 : "The Client" Jan Levinson S3 E22 : "Women's Appreciation" Boss
100%
S3 E24/25 : "The Job" Jan Levinson S4 E13 : "Dinner Party" Opération
100%
S5 E4 : "Baby Shower" Holly Flax S5 E6 : "Employee Transfer" Yoda
90%
S7 E15 : "The Search" Holly Flax :) Évidence
90%
S2 E22 : "Casino Night" Carol Stills S3 E10/11 : "A Benihana Christmas" Immobilier
81%
S6 E4/5 : "Niagara" Helene S6 E9 : "Double Date" Mère
48%
S6 E23 : "Body Language" Donna Newton S6 E25 : "The Chump" Adultère
43%
S3 E10/11 : "A Benihana Christmas" Nikki S3 E10/11 : "A Benihana Christmas" Serveuse
5%
Aucun quiz correspondant
Distribution des résultats
% des personnes avec chaque résultat
Percentile par nombre de réponses
Votre historique - résultats
Vous n’avez pas pris ce quiz